POPULATION GROWTH AND ECONOMIC DEVELOPMENT IN LOW-INCOME COUNTRY (Record no. 18903)

MARC details
000 -LEADER
fixed length control field 00404nam a22001577a 4500
003 - CONTROL NUMBER IDENTIFIER
control field OSt
005 - DATE AND TIME OF LATEST TRANSACTION
control field 20211118093342.0
008 - FIXED-LENGTH DATA ELEMENTS--GENERAL INFORMATION
fixed length control field 211118b |||||||| |||| 00| 0 eng d
040 ## - CATALOGING SOURCE
Transcribing agency HU
082 ## - DEWEY DECIMAL CLASSIFICATION NUMBER
Classification number 338
100 ## - MAIN ENTRY--PERSONAL NAME
Personal name COALEM ANSELY
9 (RLIN) 19132
245 ## - TITLE STATEMENT
Title POPULATION GROWTH AND ECONOMIC DEVELOPMENT IN LOW-INCOME COUNTRY
260 ## - PUBLICATION, DISTRIBUTION, ETC.
Place of publication, distribution, etc. UNITED STATE
Name of publisher, distributor, etc. AMERICA
Date of publication, distribution, etc. 1958
300 ## - PHYSICAL DESCRIPTION
Extent 389
942 ## - ADDED ENTRY ELEMENTS (KOHA)
Source of classification or shelving scheme Dewey Decimal Classification
Koha item type Books like text book referance book
Suppress in OPAC No
Holdings
Withdrawn status Lost status Source of classification or shelving scheme Damaged status Not for loan Home library Current library Shelving location Date acquired Total Checkouts Full call number Barcode Date last seen Copy number Price effective from Koha item type
    Dewey Decimal Classification     College of Business and Economics Library College of Business and Economics Library General Stacks 11/18/2021   338/COA MBELIB00002127 11/18/2021 1 11/18/2021 Books like text book referance book